| 000 | 00723nam a2200217 i 4500 | ||
|---|---|---|---|
| 001 | 93017 | ||
| 003 | ES-MaACL | ||
| 005 | 20250816062535.0 | ||
| 007 | t| | ||
| 008 | 050406s1969 sp ||||1| spa d | ||
| 100 | 1 |
_aLoebl, Eugen. _973087 |
|
| 245 | 1 | 3 |
_aLa Revolución rehabilita sus hijos _b: tras los bastidores del proceso Slánsky / _cEugen Loebl; [traducción de Ulises Moulines]. |
| 250 | _a1ª ed. | ||
| 260 |
_aBarcelona : _bPenínsula, _c1969. |
||
| 300 |
_a249 p. ; _c20 cm. |
||
| 490 | 1 |
_aHistoria, ciencia, sociedad ; _v42 |
|
| 700 | 1 |
_aMoulines, C. Ulises. _983863 |
|
| 830 | 0 | 0 |
_aHistoria, ciencia, sociedad (Península) _v42 _9177444 |
| 852 |
_aES-MaACL _jC-37023 _bR.70415 |
||
| 999 |
_c93017 _d93017 |
||